Statistiques concernant Pays dans une citrouille - Carte

Cliquez ici pour prendre le quiz!

Statistiques générales

  • Ce quiz a été pris 473 fois
  • Le résultat moyen est 35 sur 40

Réponses sur la Carte

Les réponses sont colorées sur une échelle allant du rouge au vert en fonction du pourcentage des utilisateurs qui les ont devinées à leur premier essai. Vous pouvez retrouver ces pourcentages ci-dessous.
 

Statistiques - réponses

Country% Correct
Egypte
98%
Arabie Saoudite
97%
République démocratique du Congo
96%
Inde
95%
Iran
95%
République du Congo
95%
Soudan
95%
Somalie
94%
Yemen
94%
Ethiopie
93%
Irak
93%
Libye
93%
Qatar
93%
Oman
92%
Emirats
91%
Soudan du Sud
91%
Turquie
91%
Kenya
90%
Niger
90%
Pakistan
90%
Chypre
89%
Centrafrique
88%
Erythrée
88%
Nigéria
88%
Tchad
88%
Tanzanie
86%
Afghanistan
85%
Koweït
85%
Rwanda
85%
Cameroun
84%
Ouganda
81%
Angola
80%
Bahreïn
80%
Gabon
80%
Burundi
79%
Guinée Equatoriale
78%
Seychelles
78%
Zambie
77%
São Tomé et Príncipe
76%
Maldives
75%

Distribution des résultats

Percentile par nombre de réponses

% des personnes avec chaque résultat

Votre développement - résultats

Vous n’avez pas pris ce quiz